Historia económica y social (Registro nro. 71373)

Detalles MARC
000 -ENCABEZADO
Número de control [NR] 00988nam a2200253Ia 4500
008 - DE LONGITUD FIJA DE DATOS DE ELEMENTOS - INFORMACIÓN GENERAL
Elementos de longitud fija [NR] 130821s1962 ag gr spa
040 ## - FUENTE DE CATALOGACION [NR]
Agencia de catalogación original [NR] Co-BoUCM
Idioma de catalogación [NR] spa
041 00 - CODIGO DE IDIOMA [R]
Código de idioma para texto/pista de sonido o título separado [R] Español
100 1# - ASIENTO PRINCIPAL--NOMBRE PERSONAL [NR]
Nombre personal [NR] Brinkmann, Carl
ID Autoridad 141834
245 10 - MENCION DE TITULO [NR]
Título [NR] Historia económica y social
Mención de responsabilidad, etc. [NR] Carl Brinkmann ; traducción por Adolfo von Ritter-Záhony y prólogo de Erwin von Beckerath
260 ## - PUBLICACION, DISTRIBUCION, ETC. (PIE DE IMPRENTA) [R]
Lugar de publicación, distribución, etc. [R] Buenos Aires (Argentina)
Nombre del editor, distribuidor, etc. [R] ateneo
Fecha de publicación, distribución, etc. [R] 1962
300 ## - DESCRIPCION FISICA [R]
Extensión [R] xix, 211 páginas
490 #0 - MENCION DE SERIE [R]
Mención de serie [R] Biblioteca de Ciencias Económicas.
-- Sección Economía Política
500 ## - NOTA GENERAL [R]
Nota general [NR] Donación Dr. Álvaro Daza Roa.
504 ## - NOTA DE BIBLIOGRAFIA, ETC. [R]
Nota de bibliografía, etc. [NR]
650 04 - ASIENTO SECUNDARIO DE MATERIA - TERMINO TEMATICO [R]
Término temático o nombre geográfico como elemento de entrada [NR] Economía
9 (RLIN) 174
650 04 - ASIENTO SECUNDARIO DE MATERIA - TERMINO TEMATICO [R]
Término temático o nombre geográfico como elemento de entrada [NR] Historia económica
9 (RLIN) 173
650 04 - ASIENTO SECUNDARIO DE MATERIA - TERMINO TEMATICO [R]
Término temático o nombre geográfico como elemento de entrada [NR] Historia social
9 (RLIN) 16949
700 1# - ASIENTO SECUNDARIO - NOMBRE PERSONAL [R]
Nombre personal [NR] Beckerath, Erwin von
Término de relación [R]
9 (RLIN) 141835
700 1# - ASIENTO SECUNDARIO - NOMBRE PERSONAL [R]
Nombre personal [NR] Ritter-Záhon, Adolfo von
Término de relación [R]
9 (RLIN) 141836
765 0# - ASIENTO DE IDIOMA ORIGINAL [R]
Título [NR] Wirtschafts- Und Sozialgeschichte
942 ## - ELEMENTOS DE ENTRADA AGREGADOS (KOHA)
Tipo de ítem principal el descrito en 300a Libro
Tema principal Economía
Edición 1
Parte restante de la signatura top. B858h
Sistema de clasificación DEWEY
Clasificación 330.9
Existencias
Fecha de último préstamo Signatura topográfica Código de barras Última vez visto Ejemplar Price effective from Tipo de ítem Perdido Sistema de clasificación Dañado No prestable Tipo de ítem específico Suprimido Ubicación habitual Ubicación actual Localización Fecha de creación Forma de adquisición Costo
15/11/2011 FAD 330.9 B858h 100113264 09/05/2018 Ej.1 03/02/2013 Libro   DEWEY     Fondos especiales     Archivo Histórico Archivo histórico 30/09/2011 Donación 26000.00